| 000 | 01037nam a22002537a 4500 | ||
|---|---|---|---|
| 005 | 20170124103049.0 | ||
| 010 | _aA-730936 | ||
| 020 |
_c55.00 _a8170432871 |
||
| 035 | _aA-730936 | ||
| 037 | _bCen Lib/Ret | ||
| 040 |
_aDPL _bHN |
||
| 082 |
_aक _bविरदी |
||
| 100 |
_aविरदी, जसवन्त सिंह _969998 |
||
| 245 |
_aसड़कों का दर्द / _cजसवन्त सिंह विरदी |
||
| 246 |
_aSarkon ka dard / _bby Jaswant Singh Virdi |
||
| 260 |
_aदिल्ली _bआत्माराम एंड संस _c1995 |
||
| 270 |
_aकश्मीरी गेट _bदिल्ली _e110006 |
||
| 300 |
_a127पृ. _c17सेमी (सजिल्द) |
||
| 650 |
_a हिन्दी साहित्य _969999 |
||
| 650 |
_a हिन्दी साहित्य --लघु कथाएँ _954925 |
||
| 650 |
_aHindi literature _970000 |
||
| 650 |
_aHindi literature --Short Stories _970001 |
||
| 942 |
_2ddc _cHN _hक _mविरदी |
||
| 999 |
_c117086 _d117086 |
||